Avengers Infinity War Character Quiz - Statistics

General Stats
  • This quiz has been taken 2,908 times
    2,829 since last reset
  • The average score is 38 of 53
Answer Stats
Hint Answer % Correct
5 King of Asgard Thor Odinson
99%
16 Main villain Thanos
96%
3 Grew a beard Captain America
95%
1 Someone hopes people remember him Iron Man
95%
14 The king of Wakanda Black Panther
93%
17 Gets a new suit Spider-Man
93%
28 Thrown off a cliff Gamora
92%
6 Doesn’t want to be himself Hulk
91%
19 Guardian of the time stone Doctor Strange
90%
8 ‘She’s not alone’ Black Widow
89%
33 Strangled by Thanos Loki
89%
30 ‘Rabbit’ Rocket
88%
26 Gun turns to bubbles Star Lord
88%
25 Guardian of the mind stone Vision
88%
2 Alter-ego of above Tony Stark
86%
22 Alter-ego of above Bucky Barnes
85%
18 Alter-ego of above Peter Parker
85%
27 Alter-ego of above Peter Quill
85%
4 Alter-ego of above Steve Rogers
85%
31 Teenage Groot
84%
7 Wore the Hulkbuster armour Bruce Banner
83%
12 Has more Redwings Falcon
83%
32 Can put people to sleep Mantis
82%
44 Engaged to Tony Pepper Potts
82%
21 Gets a new arm White Wolf/ Winter Soldier
82%
23 Has to kill her love Scarlet Witch
81%
29 Wants to avenge his family Drax
80%
45 Contacted Captain Marvel Nick Fury
80%
9 Alter-ego of above Natasha Romanoff
79%
24 Alter-ego of above Wanda Maximoff
78%
15 Alter-ego of above T’Challa
75%
20 Alter-ego of above Stephen Strange
74%
46 Tortured by Thanos Nebula
72%
10 Has a meeting with Ross War Machine
71%
50 Guardian of the soul stone Red Skull
70%
52 Bus driver Stan Lee
69%
13 Alter-ego of above Sam Wilson
66%
35 15’s sister Shuri
62%
34 General of the Dora Milaje Okoye
57%
40 Invited to Tony Stark’s wedding Wong
57%
48 In post-credit scene Maria Hill
56%
47 Stabbed by Thanos Heimdall
55%
11 Alter-ego of above James Rhodes
55%
37 Sucked into space Ebony Maw
54%
42 Leader of the Jabari tribe M’Baku
51%
39 Crushed by machine Proxima Midnight
47%
53 Secretary of State Ross
45%
36 Massive member of the Black Order Cull Obsidian
40%
38 Overpowers Captain America Corvus Glaive
36%
41 ‘We’re all gonna die’ Ned Leeds
35%
43 Died in an illusion Collector
33%
51 King of the Dwarves Eitri
27%
49 Member of the Dora Milaje Ayo
21%
No matching quizzes found
Score Distribution
Percent of People with Each Score
Percentile by Number Answered
Your Score History
You have not taken this quiz since the last reset